Hospodářské právo informační měsíčník

Uložené v:
Podrobná bibliografia
Médium: Seriál
Jazyk:Czech
Vydavateľské údaje: Praha Státní nakladatelství technické literatury 1981
Tagy: Pridať tag
Žiadne tagy, Buďte prvý, kto otaguje tento záznam!

MARC

LEADER 00000nas2a22000001 4500
001 s123191
005 20250730114216.1
041 0 |a cze 
044 |a CZ 
245 1 0 |a Hospodářské právo  |b informační měsíčník 
264 1 |a Praha  |b Státní nakladatelství technické literatury  |c 1981 
300 |a 1 zv. 
773 0 |w eu_un_cat*s120738